[Event "ICS rated blitz match"]
[Site "207.99.83.227"]
[Date "1999.03.28"]
[Round "?"]
[White "Hossa"]
[Black "masked-man"]
[Result "1-0"]
[WhiteElo "2464"]
[BlackElo "2301"]
[PlyCount "49"]

1. e4 d6 2. d4 g6 3. Nf3 Bg7 4. Bc4 a6 5. O-O b5 6. Bb3 e6 7. c4 bxc4 8. Bxc4
Ne7 9. Nc3 O-O 10. e5 d5 11. Bb3 c5 12. Be3 cxd4 13. Bxd4 Nbc6 14. Rc1 Nxd4 15.
Qxd4 a5 16. Qg4 Bb7 17. Na4 Rc8 18. Nc5 Ba8 19. Rfd1 Nf5 20. Rc3 d4 21. Nxd4
Qe7 22. Ncxe6 fxe6 23. Bxe6+ Qxe6 24. Nxe6 Rxc3 25. bxc3 {masked-man resigns}
1-0

[Event "ICS rated blitz match"]
[Site "207.99.83.227"]
[Date "1999.03.28"]
[Round "?"]
[White "masked-man"]
[Black "Hossa"]
[Result "0-1"]
[WhiteElo "2288"]
[BlackElo "2473"]
[PlyCount "34"]

1. d4 Nf6 2. Nf3 e6 3. g3 Be7 4. Bg2 O-O 5. O-O d5 6. c4 dxc4 7. Qc2 b5 8. a4
Bd7 9. Ne5 Nd5 10. axb5 Bxb5 11. Nxc4 c5 12. dxc5 Bxc5 13. Nba3 Bxa3 14. Rxa3
Na6 15. Rd1 Rc8 16. b3 Nab4 17. Qd2 17... Nc3 {masked-man resigns} 0-1

[Event "ICS rated blitz match"]
[Site "207.99.83.227"]
[Date "1999.03.28"]
[Round "?"]
[White "Hossa"]
[Black "erce"]
[Result "1-0"]
[WhiteElo "2481"]
[BlackElo "2477"]
[PlyCount "85"]

1. e4 c5 2. Bc4 e6 3. Nc3 Nc6 4. Nf3 g6 5. O-O Bg7 6. d3 Nge7 7. Bg5 h6 8. Bxe7
Qxe7 9. Re1 d6 10. a4 O-O 11. Rf1 b6 12. Bb5 Bb7 13. Qd2 a6 14. Bxc6 Bxc6 15.
a5 b5 16. Rae1 Rac8 17. Nd5 Qb7 18. Nb6 Rcd8 19. Kh1 d5 20. exd5 exd5 21. d4 c4
22. Qf4 Rfe8 23. Ne5 Re7 24. Nxc6 Rxe1 25. Rxe1 Qxc6 26. c3 Re8 27. Rxe8+ Qxe8
28. h3 Qe1+ 29. Kh2 Qe2 30. Nxd5 Qe6 31. Nc7 Qc6 32. d5 Qc5 33. Nxa6 Qxd5 34.
Nb4 Qc5 35. Kg1 Be5 36. Qxh6 Qd6 37. Qc1 Bf4 38. Qe1 Kg7 39. g3 Be5 40. a6 Bf6
41. Qe8 Qb6 42. Qc6 Qd8 43. a7 {erce resigns} 1-0

[Event "ICS rated blitz match"]
[Site "207.99.83.227"]
[Date "1999.03.28"]
[Round "?"]
[White "masked-man"]
[Black "Hossa"]
[Result "0-1"]
[WhiteElo "2285"]
[BlackElo "2497"]
[PlyCount "98"]

1. d4 Nf6 2. Nf3 e6 3. e3 Be7 4. Bd3 O-O 5. O-O d5 6. b3 Nc6 7. a3 b6 8. Bb2
Qe8 9. Nbd2 Bd6 10. Qe2 Rb8 11. e4 dxe4 12. Nxe4 Nd5 13. Nxd6 cxd6 14. g3 Nf6
15. c4 d5 16. Ne5 dxc4 17. bxc4 Bd7 18. Rad1 Rc8 19. f4 Qe7 20. Nxd7 Nxd7 21.
d5 exd5 22. cxd5 Qxe2 23. Bxe2 Ne7 24. Bb5 Nc5 25. d6 Nf5 26. Rfe1 Nb7 27. d7
Rc2 28. Re8 Rxb2 29. d8=Q Nxd8 30. Rdxd8 Rb1+ 31. Kf2 Rb2+ 32. Ke1 g6 33. Rxf8+
Kg7 34. Be2 Nh6 35. Rfe8 Ra2 36. Rd3 Nf5 37. g4 Nh4 38. Re4 h5 39. gxh5 gxh5
40. Bxh5 Rxh2 41. Rg3+ Kf8 42. Be2 Nf5 43. Rg5 Nd6 44. Rd4 Rh1+ 45. Kd2 Rh6 46.
Rgd5 Nb7 47. Rd7 Nc5 48. R4d6 Rxd6+ 49. Rxd6 49... Ne4+ {masked-man resigns}
0-1

[Event "ICS rated blitz match"]
[Site "207.99.83.227"]
[Date "1999.03.28"]
[Round "?"]
[White "Hossa"]
[Black "Fallen-Star"]
[Result "1-0"]
[WhiteElo "2504"]
[BlackElo "2304"]
[PlyCount "32"]

1. e4 c6 2. Nc3 d5 3. exd5 cxd5 4. Nf3 g6 5. Bb5+ Bd7 6. Bxd7+ Qxd7 7. Ne5 Qd6
8. d4 Nf6 9. Qe2 Bg7 10. Qb5+ Nbd7 11. Qxb7 O-O 12. Nxd7 Nxd7 13. O-O Bxd4 14.
Nb5 Qb6 15. Qxd7 Rad8 16. Qg4 16... f5 {Fallen-Star resigns} 1-0

[Event "ICS rated blitz match"]
[Site "207.99.83.227"]
[Date "1999.03.28"]
[Round "?"]
[White "Hossa"]
[Black "totoff"]
[Result "1-0"]
[WhiteElo "2512"]
[BlackElo "2223"]
[PlyCount "83"]

1. e4 e6 2. Nf3 c5 3. Be2 Nc6 4. O-O d5 5. exd5 exd5 6. Re1 Nf6 7. d4 Be7 8.
dxc5 O-O 9. Be3 Ng4 10. Bd4 Nxd4 11. Nxd4 Nxf2 12. Kxf2 Bxc5 13. c3 Qb6 14. b4
Bd6 15. Kg1 Bd7 16. Bd3 Rac8 17. Qh5 g6 18. Qxd5 Rfd8 19. a3 Bf5 20. Qb5 Bxd3
21. Qxd3 Qc7 22. h3 Bh2+ 23. Kh1 Bg3 24. Re3 Bf4 25. Rf3 Re8 26. Nd2 Re7 27.
Raf1 Bh6 28. Ne4 Bg7 29. Nb5 Qc4 30. Qxc4 Rxc4 31. Ned6 Rc6 32. Rxf7 Rxf7 33.
Rxf7 Bxc3 34. Rxb7 Be5 35. Rb8+ Kg7 36. Rc8 Rb6 37. Ne8+ Kh6 38. Nxa7 Re6 39.
g4 Kg5 40. Nc7 Re7 41. Ncb5 Kh4 42. Nc6 {totoff resigns} 1-0

[Event "ICS rated blitz match"]
[Site "207.99.83.227"]
[Date "1999.03.28"]
[Round "?"]
[White "totoff"]
[Black "Hossa"]
[Result "0-1"]
[WhiteElo "2218"]
[BlackElo "2517"]
[PlyCount "54"]

1. e4 e5 2. Nf3 Nc6 3. Bb5 a6 4. Bxc6 dxc6 5. d3 Bg4 6. h3 Bxf3 7. Qxf3 Bd6 8.
O-O Ne7 9. Qg3 O-O 10. Nd2 Qe8 11. Nc4 b5 12. Ne3 Qc8 13. Ng4 Qe6 14. Bd2 Rad8
15. a4 f5 16. exf5 Nxf5 17. Qf3 Nd4 18. Qd1 b4 19. b3 Rf7 20. Ne3 Rdf8 21. Qg4
Qxg4 22. hxg4 Ne2+ 23. Kh1 Rxf2 24. Rxf2 Rxf2 25. Nc4 Nd4 26. Be1 Rf1+ 27. Kh2
27... Nxc2 {totoff resigns} 0-1

[Event "ICS rated blitz match"]
[Site "207.99.83.227"]
[Date "1999.03.28"]
[Round "?"]
[White "jo"]
[Black "Hossa"]
[Result "1-0"]
[WhiteElo "2360"]
[BlackElo "2522"]
[Annotator "Crafty v16.6"]
[PlyCount "75"]

{annotating for player Hossa using a scoring margin of +0.10 pawns. search
time limit is 12.00} 1. e4 1... d6 2. d4 Nf6 3. Nc3 c6 ({8:-0.55} 3... c6 4.
Nf3 d5 5. e5 Ne4 6. Nxe4 dxe4 7. Ng5 7... Bf5 $14) ({8:-0.36} 3... Nc6 4. Bb5
Bd7 5. Nf3 a6 6. Bc4 Na5 7. Bd3 $14) 4. f3 e6 5. Be3 Be7 6. Qd2 O-O 7. O-O-O b6
8. Kb1 Bb7 9. g4 Qc7 10. h4 Rc8 ({8:-0.37} 10... Rc8 11. h5 b5 12. g5 b4 13.
Nce2 Nfd7 14. Qxb4 $14) ({8:-0.17} 10... b5 11. Bd3 Nbd7 12. g5 Nh5 13. Nge2 b4
14. Na4 $10) 11. h5 c5 12. g5 cxd4 13. Bxd4 Nfd7 ({8:-1.14} 13... Nfd7 14. g6
h6 15. gxf7+ Kxf7 16. Nb5 Qc6 17. Nh3 e5 18. Be3 $16) ({8:-0.89} 13... Ne8 14.
g6 hxg6 15. hxg6 fxg6 16. Nh3 Nc6 17. Nb5 17... Qd7 $16) 14. g6 Nf8 ({7:-1.55} 
14... Nf8 15. gxf7+ Kxf7 16. h6 g6 17. Nb5 Qc6 18. Qf4+ Kg8 19. Bd3 $18) ({
7:-1.08} 14... h6 15. gxf7+ Kxf7 16. Qg2 e5 17. Nb5 Qc6 18. Qg6+ Kf8 19. Bc3
$16) 15. gxf7+ Kxf7 16. Bd3 Nc6 17. Be3 Ne5 18. f4 Nc4 ({9:-0.51} 18... Nc4 19.
Bxc4 Qxc4 20. Qg2 Bf6 21. Nge2 d5 22. e5 Be7 23. Qg4 $14) ({9:-0.10} 18... Nxd3
19. Qxd3 Qc4 20. Nge2 Qxd3 21. Rxd3 Nd7 22. h6 Nc5 23. Rd4 23... Bf6 $10) 19.
Bxc4 Qxc4 20. Qg2 Bf6 21. Nge2 Qc7 22. Rhg1 a6 23. Bd4 e5 24. Be3 Ne6 25. f5
Nc5 26. Bg5 Nxe4 27. Nxe4 Qxc2+ 28. Ka1 Bxe4 29. Qg3 Qxe2 ({7:+1.60} 29... Qxe2
30. Bxf6 Qxd1+ 31. Rxd1 gxf6 32. Qb3+ d5 33. Qxb6 d4 34. Qe6+ 34... Kg7 $19) ({
7:+2.00} 29... Bxf5 30. Rxd6 Rc4 31. Bxf6 Rg4 32. Bxe5 Rxg3 33. Nxg3 $19) 30.
Bxf6 gxf6 ({8:-13.77} 30... gxf6 31. Qg7+ Ke8 32. Rxd6 Qd1+ 33. Rdxd1 Rc1+ 34.
Rxc1 Bd5 35. Qxh7 Kd8 36. Rg8+ Bxg8 37. Qxg8+ Kd7 38. Qxa8 $18) ({8:+1.27} 
30... Qxd1+ 31. Rxd1 gxf6 32. Qb3+ d5 33. Qxb6 Bxf5 34. Qb7+ Kf8 35. Qxd5 Bc2
36. Rd2 $17) 31. Qg7+ Ke8 32. Rxd6 Qxb2+ 33. Kxb2 Rc7 ({6:-Mat03} 33... Rc7 34.
Qh8+ Ke7 35. Qxf6+ Ke8 36. Rg8# $18) ({6:-14.19} 33... Rc2+ 34. Ka1 Rc1+ 35.
Rxc1 Bxf5 36. Qh8+ Ke7 37. Qxf6+ Ke8 38. Qxe5+ Kf7 39. Qxf5+ Kg8 40. Rxb6 $18)
34. Qxc7 Bg2 35. Rxg2 Kf8 36. Rxf6+ Ke8 37. Re6+ Kf8 38. Qe7# 1-0

[Event "ICS rated blitz match"]
[Site "207.99.83.227"]
[Date "1999.03.28"]
[Round "?"]
[White "Hossa"]
[Black "Fallen-Star"]
[Result "1-0"]
[WhiteElo "2499"]
[BlackElo "2298"]
[PlyCount "63"]

1. e4 c5 2. Bc4 Nc6 3. Nf3 e6 4. O-O a6 5. d4 b5 6. Be2 cxd4 7. Nxd4 Bb7 8. Nf3
Nf6 9. e5 Ng4 10. Bf4 Qc7 11. Re1 Ngxe5 12. Nxe5 Nxe5 13. Bxb5 axb5 14. Bxe5
Qc6 15. f3 Bc5+ 16. Bd4 O-O 17. Nc3 Rac8 18. a4 b4 19. Nb5 d5 20. Qd2 Ba6 21.
Bxc5 Qxc5+ 22. Nd4 Rfe8 23. f4 f6 24. Kh1 e5 25. fxe5 fxe5 26. Nf5 d4 27. Qg5
Qc7 28. Rac1 Kh8 29. Qg3 g6 30. Nxd4 Bb7 31. Nb5 Qc6 32. Na7 {
Fallen-Star resigns} 1-0

[Event "ICS rated blitz match"]
[Site "207.99.83.227"]
[Date "1999.03.28"]
[Round "?"]
[White "Hossa"]
[Black "jo"]
[Result "1-0"]
[WhiteElo "2507"]
[BlackElo "2383"]
[PlyCount "43"]

1. e4 c5 2. Bc4 e6 3. Nc3 a6 4. a4 b6 5. Nf3 Bb7 6. O-O d6 7. d4 Nd7 8. d5 e5
9. Be3 h6 10. Qe2 g6 11. Rad1 f5 12. exf5 gxf5 13. Rfe1 Qf6 14. Ra1 O-O-O 15.
Bxa6 Ne7 16. Bxb7+ Kxb7 17. a5 f4 18. axb6 Nxb6 19. Qa6+ Kc7 20. Qa7+ Kc8 21.
Qxb6 Rd7 22. Ra8# {jo checkmated} 1-0

[Event "ICS rated blitz match"]
[Site "207.99.83.227"]
[Date "1999.03.28"]
[Round "?"]
[White "Hossa"]
[Black "jo"]
[Result "1/2-1/2"]
[WhiteElo "2528"]
[BlackElo "2401"]
[PlyCount "125"]

1. e4 c5 2. Bc4 e6 3. Nc3 a6 4. a4 h5 5. Nf3 h4 6. d4 h3 7. dxc5 hxg2 8. Rg1
Bxc5 9. Rxg2 g6 10. Bg5 Ne7 11. Bf6 Rh5 12. Qe2 Nbc6 13. h4 Qa5 14. O-O-O Ng8
15. Bg7 Rh7 16. Bd4 Nxd4 17. Nxd4 Rxh4 18. Nb3 Qc7 19. Nxc5 Qxc5 20. Bb3 d6 21.
Qd3 Ke7 22. Qc4 Qxc4 23. Bxc4 Bd7 24. f3 Bc6 25. Rgd2 Rd8 26. Kb1 Rh3 27. Be2
Nf6 28. e5 Ne8 29. f4 Rd7 30. exd6+ Rxd6 31. Ka2 Rxd2 32. Rxd2 Rh4 33. b4 Rxf4
34. b5 axb5 35. axb5 Bd7 36. Bd3 f5 37. Re2 Nf6 38. Rg2 Rg4 39. Re2 g5 40. Bxf5
Rf4 41. Bd3 g4 42. Re5 g3 43. Rg5 Rg4 44. Rxg4 Nxg4 45. Be4 b6 46. Ne2 Bxb5 47.
Nxg3 Bc4+ 48. Kb1 Kd6 49. Kb2 Bd5 50. Bg6 Nf6 51. Kc3 e5 52. Kd3 b5 53. Nf5+
Kc5 54. Ne3 b4 55. Kd2 Kd4 56. Nf5+ Kc5 57. Ne3 Kd4 58. Nf5+ Kc5 59. Ne3 Kd4
60. Nf5+ Kc5 61. Ne3 Kd4 62. Nf5+ Kc5 63. Ne3 {Game drawn by repetition}
1/2-1/2

[Event "ICS Rated blitz match"]
[Site "207.99.83.227"]
[Date "1999.03.28"]
[Round "?"]
[White "jo"]
[Black "Hossa"]
[Result "1/2-1/2"]
[WhiteElo "2396"]
[BlackElo "2522"]
[PlyCount "178"]

1. e4 d6 2. d4 Nf6 3. Nc3 c6 4. f3 e6 5. Be3 Be7 6. Qd2 O-O 7. g4 d5 8. g5 Ne8
9. e5 c5 10. h4 Nc6 11. f4 cxd4 12. Bxd4 Bb4 13. Nge2 Bxc3 14. Bxc3 Bd7 15. h5
Ne7 16. Nd4 Nc6 17. Bd3 Rc8 18. O-O-O Kh8 19. Kb1 Qb6 20. Nxc6 Bxc6 21. Rhg1
Bb5 22. g6 fxg6 23. hxg6 Bxd3 24. Qxd3 h6 25. Bd4 Qb4 26. Rh1 Rxf4 27. Be3 Rh4
28. b3 Rc3 29. Qd2 Rc6 30. Qxb4 Rxb4 31. Rdf1 Kg8 32. Rf3 Rc8 33. Rhf1 Nf6 34.
exf6 gxf6 35. Rxf6 Rh4 36. Rxe6 d4 37. Bc1 Rh2 38. Ba3 Rhxc2 39. Rd6 Rg2 40.
Bb2 d3 41. a4 Rb8 42. Rf7 Rg1+ 43. Ka2 Rxg6 44. Rfd7 Rxd6 45. Rxd6 b5 46. a5 d2
47. Rxd2 Rb7 48. b4 Rc7 49. Bd4 Re7 50. Bc5 Rg7 51. Rd8+ Kh7 52. Rb8 a6 53. Rb6
Rg2+ 54. Kb3 Rg3+ 55. Kc2 Rg2+ 56. Kd3 Rg3+ 57. Ke4 Rg4+ 58. Kf5 Rg5+ 59. Kf4
Rg6 60. Rxg6 Kxg6 61. Kg4 h5+ 62. Kh4 Kh6 63. Be3+ Kg6 64. Bd2 Kf5 65. Kxh5 Ke4
66. Kg6 Kd3 67. Be1 Ke4 68. Bf2 Kf4 69. Bc5 Ke5 70. Kf7 Kd5 71. Ke7 Kc6 72. Kd8
Kd5 73. Kc7 Ke5 74. Kb6 Kd5 75. Kxa6 Kc6 76. Ka7 Kd5 77. Kb6 Kc4 78. a6 Kd3 79.
Kxb5 Ke4 80. a7 Ke5 81. a8=Q Kf5 82. Qd8 Kg4 83. Qd6 Kh4 84. Qe7+ Kh5 85. Qf7+
Kh6 86. Kc4 Kg5 87. Kd4 Kh4 88. Ke4 Kg5 89. Qg6+ 89... Kh4 {
jo ran out of time and Hossa has no material to mate} 1/2-1/2

[Event "ICS rated blitz match"]
[Site "207.99.83.227"]
[Date "1999.03.28"]
[Round "?"]
[White "jo"]
[Black "Hossa"]
[Result "0-1"]
[WhiteElo "2372"]
[BlackElo "2546"]
[PlyCount "32"]

1. e4 c5 2. Nf3 Nc6 3. Bb5 a6 4. Bxc6 dxc6 5. d3 Bg4 6. O-O e6 7. a4 Bd6 8. a5
Ne7 9. Nbd2 O-O 10. h3 Bxf3 11. Qxf3 Ng6 12. Nc4 Ne5 13. Nxe5 Bxe5 14. Ra2 Bc7
15. Bd2 Qd6 16. Bc3 16... Qh2# {jo checkmated} 0-1

[Event "ICS rated blitz match"]
[Site "207.99.83.227"]
[Date "1999.03.28"]
[Round "?"]
[White "Hossa"]
[Black "WhiteHorse"]
[Result "1-0"]
[WhiteElo "2555"]
[BlackElo "2416"]
[PlyCount "53"]

1. e4 e5 2. Nf3 d6 3. d4 exd4 4. Nxd4 Nf6 5. Bb5+ c6 6. Bd3 c5 7. Ne2 Nc6 8.
O-O g6 9. Bg5 Bg7 10. Nbc3 O-O 11. Nd5 Be6 12. Nef4 h6 13. Nxf6+ Bxf6 14. Bxh6
Re8 15. c3 Ne5 16. Bb5 Re7 17. Nd5 Bxd5 18. Qxd5 Kh7 19. Bf4 Qc7 20. Rad1 Rd8
21. Qd2 a6 22. Be2 Qc6 23. Bg5 Bxg5 24. Qxg5 Rde8 25. f4 f6 26. Qh4+ Kg7 27.
fxe5 {WhiteHorse resigns} 1-0

[Event "ICS rated blitz match"]
[Site "207.99.83.227"]
[Date "1999.03.28"]
[Round "?"]
[White "WhiteHorse"]
[Black "Hossa"]
[Result "1-0"]
[WhiteElo "2406"]
[BlackElo "2565"]
[Annotator "Crafty v16.6"]
[PlyCount "137"]

{annotating for player Hossa using a scoring margin of +0.10 pawns. search
time limit is 12.00} 1. d4 1... Nf6 2. c3 e6 3. e3 d5 4. Bd3 Nc6 ({8:-0.24} 
4... Nc6 5. Nf3 Bd6 6. O-O O-O 7. Nbd2 e5 8. Re1 exd4 9. exd4 $10) ({8:-0.03} 
4... Bd6 5. Nf3 O-O 6. O-O c5 7. Nbd2 cxd4 8. cxd4 8... Nc6 $10) 5. f4 Be7 ({
9:-0.16} 5... Be7 6. Nf3 Bd7 7. Ne5 Ne4 8. Nxd7 Qxd7 9. Qg4 Bf6 10. Nd2 $10) ({
9:+0.10} 5... Bd7 6. Nf3 Qe7 7. Ne5 O-O-O 8. Nxd7 Qxd7 9. Nd2 Bd6 10. Bb5 $10)
6. Nf3 O-O ({8:-0.89} 6... O-O 7. Ng5 a5 8. Nd2 Kh8 9. Ndf3 Qd6 10. Bd2 $16) ({
8:-0.19} 6... Ng4 7. O-O Bd7 8. Na3 a6 9. b4 a5 10. Nh4 $10) 7. Nbd2 Ng4 8. Qe2
Bh4+ ({8:-0.67} 8... Bh4+ 9. Nxh4 Qxh4+ 10. g3 Qh3 11. Nf3 f6 12. Ng1 Qh5 13.
Nf3 $14) ({8:-0.48} 8... Re8 9. b3 a5 10. a4 Bd7 11. Bb2 Bh4+ 12. Nxh4 Qxh4+
13. g3 $14) 9. g3 Be7 10. O-O Bd7 ({8:-0.51} 10... Bd7 11. Ng5 Nf6 12. Rd1 e5
13. dxe5 Bg4 14. Bxh7+ 14... Kh8 $14) ({8:-0.39} 10... e5 11. fxe5 Nh6 12. Qg2
Be6 13. Nb3 Ng4 14. Bd2 $14) 11. h3 Nf6 12. Kh2 Bd6 13. Rg1 Qe7 ({8:-0.38} 
13... Qe7 14. Rg2 Nb8 15. Kg1 c5 16. Ng5 cxd4 17. cxd4 17... Nc6 $14) ({8:-0.21
} 13... Ne7 14. Ne5 Bc8 15. Nb3 Bxe5 16. fxe5 Ne4 17. Qf3 17... Ng5 $10) 14.
Ne5 Rab8 ({8:-0.73} 14... Rab8 15. Nxd7 Qxd7 16. Re1 Ne7 17. Kg1 Nf5 18. Qf3
18... c5 $16) ({8:-0.41} 14... Be8 15. Re1 Nd8 16. Kg1 c5 17. Ng4 Rc8 18. Nxf6+
Qxf6 19. Qh5 cxd4 20. cxd4 $14) 15. g4 Be8 16. Nf1 Nd7 ({8:-0.23} 16... Nd7 17.
Nxc6 bxc6 18. g5 c5 19. Qh5 f5 20. Qf3 cxd4 21. cxd4 $10) ({8:-0.09} 16... Ne4
17. Bxe4 dxe4 18. Nc4 Qh4 19. Ng3 f5 20. Nxd6 cxd6 21. Qc4 fxg4 22. Qxe6+ $10)
17. Bd2 Bxe5 18. fxe5 f6 19. exf6 Qxf6 20. Rg2 Rd8 ({8:-0.03} 20... Rd8 21. Ng3
Qh4 22. Rf2 Bg6 23. Bxg6 hxg6 24. Raf1 Rxf2+ 25. Rxf2 25... Rf8 $10) ({8:+0.15
} 20... Bg6 21. g5 Bxd3 22. gxf6 Bxe2 23. Rxg7+ Kh8 24. Rxd7 Rxf6 25. Kg1 $10)
21. Ng3 Qh4 22. e4 Nb6 ({7:-0.48} 22... Nb6 23. exd5 Nxd5 24. Qxe6+ Bf7 25. Qe4
Rde8 26. Nf5 Rxe4 27. Nxh4 $14) ({7:-0.27} 22... g6 23. Rf1 Bf7 24. Rgf2 e5 25.
Qe3 exd4 26. cxd4 dxe4 27. Bxe4 $10) 23. e5 Rd7 ({7:-0.16} 23... Rd7 24. Rf1
Rxf1 25. Nxf1 Bg6 26. Bxg6 hxg6 27. Qf2 g5 28. Qxh4 28... gxh4 $10) ({7:-0.04} 
23... Ne7 24. Rf1 Bg6 25. Rgf2 Bxd3 26. Qxd3 Rxf2+ 27. Rxf2 Rf8 28. Bf4 $10)
24. Be3 Rdf7 25. Qd2 h6 ({9:-0.39} 25... h6 26. g5 hxg5 27. Bxg5 Qh8 28. Rf1
Rxf1 29. Bxf1 Bh5 30. Rf2 30... Bf3 $14) ({9:-0.19} 25... Qd8 26. b3 Qe7 27.
Rf1 Rxf1 28. Nxf1 Bg6 29. Bxg6 hxg6 30. Bg5 30... Qd7 $10) 26. g5 hxg5 27. Bxg5
Qh8 28. Rag1 Rf3 29. Be2 Rf2 30. Qe3 Rxg2+ 31. Rxg2 Qh7 32. Bd3 Bg6 33. Bxg6
Qxg6 34. Ne2 Nc4 35. Qg3 Rf7 ({7:-0.99} 35... Rf7 36. Qg4 Qf5 37. Qxf5 exf5 38.
b3 Nb6 39. Nf4 $16) ({7:-0.61} 35... Qe4 36. Bf6 Rf7 37. Nf4 Qf5 38. Qg5 Qxg5
39. Rxg5 39... Kh7 $14) 36. Nf4 Qf5 37. Bf6 Kf8 38. Bxg7+ Ke8 39. Bf6 Rh7 ({
9:-5.01} 39... Rh7 40. Qg8+ Kd7 41. Rg7+ Ne7 42. Kg3 Rxh3+ 43. Nxh3 Qd3+ 44.
Kh2 Qc2+ 45. Rg2 Ne3 46. Rxc2 46... Nxg8 $18) ({9:-1.80} 39... Kd7 40. Nd3 b6
41. b3 Na3 42. Qg8 Rh7 43. Qxh7+ Qxh7 44. Rg7+ Qxg7 45. Bxg7 $18) 40. Qg8+ Kd7
41. Rg7+ Ne7 42. Rxh7 Qxf4+ 43. Qg3 Qd2+ 44. Qg2 Qxg2+ 45. Kxg2 Ne3+ 46. Kf3
N3f5 47. h4 b6 48. Kf4 c5 49. Kg5 cxd4 50. cxd4 a5 51. Bxe7 Kc6 52. h5 Nxd4 53.
h6 Nf5 54. Kf4 a4 55. Rf7 Nxh6 56. Rf6 Kd7 57. Rxh6 Kxe7 58. Ke3 Kf7 59. Kd4
Ke7 60. Rh7+ Ke8 61. Rb7 b5 62. Rxb5 Kf8 63. Rb7 a3 64. bxa3 Ke8 65. a4 Kd8 66.
a5 Ke8 67. a6 Kd8 68. a7 Ke8 69. a8=Q# 1-0

[Event "ICS rated blitz match"]
[Site "207.99.83.227"]
[Date "1999.03.28"]
[Round "?"]
[White "Hossa"]
[Black "jo"]
[Result "1-0"]
[WhiteElo "2542"]
[BlackElo "2378"]
[PlyCount "92"]

1. e4 c5 2. Bc4 e6 3. Nc3 a6 4. a4 h5 5. Nf3 h4 6. d4 h3 7. dxc5 hxg2 8. Rg1
Bxc5 9. Rxg2 g6 10. Bg5 Ne7 11. Bf6 Rh5 12. Qe2 Qa5 13. O-O-O Nbc6 14. Rd3 Bb4
15. Bb3 Ng8 16. Bg7 Rh7 17. Bd4 Nxd4 18. Nxd4 d6 19. Na2 Bc5 20. Qd2 Qxd2+ 21.
Rxd2 Nf6 22. Nc3 Bb4 23. Nde2 Ke7 24. Rd4 Bc5 25. Rd1 Bd7 26. Ba2 Rah8 27. Rh1
Bc6 28. f3 Be3+ 29. Kb1 Nh5 30. Nd1 Ba7 31. Bb3 Nf6 32. Ndc3 Nd7 33. Bd5 Ne5
34. Bxc6 bxc6 35. f4 Nc4 36. Nc1 Ne3 37. Re2 Ng4 38. N3a2 Nxh2 39. Nb4 Kd7 40.
Nxa6 Ng4 41. Rxh7 Rxh7 42. Nd3 Rh4 43. a5 c5 44. b3 Nf6 45. e5 Nd5 46. Rd2
46... Bb8 {jo resigns} 1-0

[Event "ICS rated blitz match"]
[Site "207.99.83.227"]
[Date "1999.03.28"]
[Round "?"]
[White "jo"]
[Black "Hossa"]
[Result "0-1"]
[WhiteElo "2369"]
[BlackElo "2551"]
[PlyCount "89"]

1. e4 c5 2. Nf3 Nc6 3. Bb5 a6 4. Bxc6 dxc6 5. d3 Bg4 6. a4 c4 7. dxc4 Qxd1+ 8.
Kxd1 Nf6 9. Nbd2 e6 10. h3 Bxf3+ 11. gxf3 O-O-O 12. Ke2 Be7 13. c3 Bd6 14. Nb3
Nd7 15. Be3 Ne5 16. c5 Be7 17. Bd4 Nc4 18. Rhg1 e5 19. Be3 Nxb2 20. Rxg7 Rdf8
21. Nd2 Bf6 22. Rgg1 Rd8 23. Ra2 Nd3 24. Nc4 Be7 25. Rg7 Bxc5 26. Rd2 Nc1+ 27.
Kd1 Nd3 28. Rxf7 b5 29. axb5 cxb5 30. Bxc5 bxc4 31. Be3 Rdf8 32. Ra7 Kb8 33.
Ra2 Rd8 34. Ke2 Nc1+ 35. Bxc1 Kxa7 36. Be3+ Kb7 37. Rb2+ Ka8 38. Rb4 Rhf8 39.
Rb6 Rd3 40. Rxa6+ Kb7 41. Ra5 Rxc3 42. Rxe5 Rc2+ 43. Kd1 Ra2 44. Rc5 Rg8 45.
Rg5 {jo resigns} 0-1

[Event "ICS rated bullet match"]
[Site "207.99.83.227"]
[Date "1999.03.28"]
[Round "?"]
[White "MoonShot"]
[Black "Hossa"]
[Result "1-0"]
[WhiteElo "2674"]
[BlackElo "2435"]
[Annotator "Crafty v16.6"]
[PlyCount "51"]

{annotating for player Hossa using a scoring margin of +0.10 pawns. search
time limit is 12.00} 1. e4 1... d6 2. e5 dxe5 3. Bb5+ c6 4. Bc4 e6 ({8:+0.44} 
4... e6 5. Nh3 Qh4 6. d3 Bb4+ 7. c3 Bc5 8. O-O 8... Nf6 $15) ({8:+0.62} 4...
Qd4 5. Bd3 Nf6 6. Ne2 Qh4 7. g3 Qh3 8. Nbc3 $15) 5. Ne2 Bc5 ({9:+0.70} 5... Bc5
6. O-O Qh4 7. b3 Nf6 8. g3 Qh3 9. d4 9... Bd6 $15) ({9:+0.81} 5... Qh4 6. d3
Nf6 7. O-O Bc5 8. g3 Qh3 9. d4 9... Bd6 $17) 6. O-O Nf6 7. c3 O-O 8. d4 exd4 9.
cxd4 Bd6 10. Bf4 Bxf4 11. Nxf4 Nd5 ({9:+0.95} 11... Nd5 12. Bxd5 exd5 13. Re1
Qh4 14. g3 Qg5 15. Qe2 Bg4 16. Qe7 $17) ({9:+1.58} 11... Qb6 12. Qd2 Ne4 13.
Qe2 Qxd4 14. Rd1 Nd2 15. Nxd2 15... Qxf4 $19) 12. Nh5 Bd7 ({9:+0.66} 12... Bd7
13. Qg4 g6 14. Qg3 Qe7 15. Nd2 Qb4 16. Bxd5 16... Qxd2 $15) ({9:+1.17} 12...
Qh4 13. Nc3 Nxc3 14. bxc3 e5 15. g3 Qg4 16. Re1 exd4 17. cxd4 17... Qh3 $17)
13. Nc3 Qg5 ({8:+0.69} 13... Qg5 14. Ne4 Qh4 15. Nd6 b5 16. Bxd5 cxd5 17. Rc1
17... Na6 $15) ({8:+0.92} 13... Qh4 14. Re1 b5 15. Bxd5 cxd5 16. Re3 b4 17. Rh3
17... Qg5 $17) 14. Ne4 Qg6 15. Bd3 Qh6 16. Nd6 Bc8 17. Qf3 Nd7 18. Rae1 Qd2 ({
7:+0.49} 18... Qd2 19. Re2 Qg5 20. Rfe1 N7b6 21. Re5 21... Qd2 $15) ({7:+0.72} 
18... N7f6 19. Nxf6+ Nxf6 20. Ne4 Rd8 21. Nxf6+ Qxf6 22. Qxf6 gxf6 23. Re4 c5
24. Rh4 $17) 19. Re2 Qb4 20. Qg4 g6 21. Nxc8 Raxc8 22. a3 Qd6 ({9:+1.05} 22...
Qd6 23. Rfe1 Kh8 24. Qg3 Qxg3 25. Nxg3 c5 26. Bb5 Rfd8 27. Bxd7 27... Rxd7 $17)
({9:+1.54} 22... f5 23. axb4 fxg4 24. Ng3 Rf4 25. Rxe6 Rxd4 26. Rd6 26... Rd8
$19) 23. Qg5 h6 ({9:-Mat03} 23... h6 24. Qxh6 Qe5 25. dxe5 gxh5 26. Qh7# $18) (
{9:+1.03} 23... f6 24. Qg3 Qxg3 25. Nxg3 Nf4 26. Rd2 Nxd3 27. Rxd3 Kf7 28. Re1
28... Rfd8 $17) 24. Qxh6 Qe5 25. dxe5 Nxe5 26. Qg7# 1-0

[Event "ICS rated blitz match"]
[Site "207.99.83.227"]
[Date "1999.03.28"]
[Round "?"]
[White "Hossa"]
[Black "WhiteHorse"]
[Result "1-0"]
[WhiteElo "2559"]
[BlackElo "2429"]
[PlyCount "23"]

1. e4 c5 2. Bc4 a6 3. Nc3 b5 4. Bxf7+ Kxf7 5. Qh5+ g6 6. Qd5+ e6 7. Qxa8 Nc6 8.
Nf3 Qc7 9. d3 Bb7 10. Bf4 d6 11. Ng5+ Ke7 12. Qxf8+ {WhiteHorse resigns} 1-0

[Event "ICS rated blitz match"]
[Site "207.99.83.227"]
[Date "1999.03.28"]
[Round "?"]
[White "WhiteHorse"]
[Black "Hossa"]
[Result "0-1"]
[WhiteElo "2419"]
[BlackElo "2569"]
[PlyCount "208"]

1. d4 Nf6 2. c3 e6 3. e3 d5 4. f4 Be7 5. Bd3 c5 6. Nf3 c4 7. Bc2 O-O 8. O-O Bd7
9. Nbd2 Nc6 10. Ne5 Rc8 11. Rf3 Bd6 12. Rh3 Ne7 13. g4 Ng6 14. Nf1 Qe7 15. Ng3
Bc6 16. Bd2 Bxe5 17. fxe5 Nd7 18. Nh5 Rcd8 19. Rg3 Rde8 20. g5 Qd8 21. Qg4 Qb6
22. Rb1 Qa5 23. a3 Ba4 24. Qd1 Nb6 25. Rc1 Qb5 26. Rb1 Ne7 27. h4 Bxc2 28. Qxc2
Nf5 29. Rg4 Qb3 30. Qxb3 cxb3 31. Bc1 Nc4 32. Kf2 Rd8 33. Ng3 Ne7 34. Ke2 Rc8
35. h5 Kh8 36. Nf1 Nf5 37. Ng3 Nxg3+ 38. Rxg3 Rcd8 39. Kd3 a5 40. Bd2 b5 41.
Rf3 Rd7 42. Rf2 Re7 43. Be1 Rfe8 44. Re2 a4 45. Bh4 Rd7 46. Rg1 Rc7 47. Be1
Rce7 48. Rh2 Kg8 49. Re2 Rd7 50. Rh2 Kf8 51. Re2 f6 52. gxf6 gxf6 53. Rf1 f5
54. h6 Rc7 55. Bh4 Rf7 56. Rg2 Rc8 57. Bf6 Ke8 58. Rff2 Kd7 59. Rg7 Rcf8 60.
Rfg2 Ke8 61. R7g3 Rc7 62. Rf3 Rff7 63. Rfg3 Kd7 64. Rg8 Rc8 65. R8g3 Kc6 66.
Rf3 Rd7 67. Rfg3 Rb8 68. Rf3 Rc7 69. Rfg3 Re8 70. Rf3 Rec8 71. Rfg3 Ra8 72. Rf3
Rf8 73. Rf1 Rb8 74. Ra1 Re8 75. Rf1 Rf7 76. Ra1 Rff8 77. Rag1 Rc8 78. Bg7 Rf7
79. Bf6 Rb7 80. Ra1 Rf8 81. Rag1 Re8 82. Ra1 Reb8 83. Rag1 Ra8 84. Ra1 Raa7 85.
Rag1 Rc7 86. Ra1 Rab7 87. Bd8 Rf7 88. Bf6 Nd6 89. Bg7 Ne4 90. Rag1 f4 91. exf4
Rxf4 92. Ke3 Rh4 93. Rf1 Rh3+ 94. Rf3 Rh1 95. Re2 Rc7 96. Bf6 Rxh6 97. Rg2 Rh1
98. Re2 h5 99. Bd8 Rg7 100. Bf6 Rgg1 101. Kf4 Rg4+ 102. Ke3 Nxc3 103. bxc3 Re4+
104. Kd3 104... Rxe2 {WhiteHorse resigns} 0-1